| 000 | 00605nam a2200181Ia 4500 | ||
|---|---|---|---|
| 008 | 090122s9999 xx 000 0 und d | ||
| 082 |
_b13178 _a910.09 |
||
| 100 |
_aपाटील _bमधुबाला |
||
| 245 | _aसाद घालणारा युरोप | ||
| 260 |
_bसौ ़मधुबाला पाटील _c2008 |
||
| 300 | _a128 | ||
| 501 | _aललित वितरण | ||
| 600 | _aपाटील | ||
| 630 | _aसाद घालणारा युरोप | ||
| 700 | _aपाटील | ||
| 730 | _aसाद घालणारा युरोप | ||
| 942 | _cBOOK | ||
| 999 |
_c37255 _d37255 |
||